Fire Safety Managment in High Rise Commercial Buildings of Islamabad, Pakistan/ (Record no. 230053)

000 -LEADER
fixed length control field 00664nam a22002057a 4500
003 - CONTROL NUMBER IDENTIFIER
control field Nust
005 - DATE AND TIME OF LATEST TRANSACTION
control field 20241030162536.0
008 - FIXED-LENGTH DATA ELEMENTS--GENERAL INFORMATION
fixed length control field 170216b xxu||||| |||| 00| 0 eng d
040 ## - CATALOGING SOURCE
Transcribing agency Nust-MCE
082 ## - DEWEY DECIMAL CLASSIFICATION NUMBER
Classification number 200
100 ## - MAIN ENTRY--PERSONAL NAME
Personal name Tipu Shujaat Ali Khan
9 (RLIN) 126636
245 ## - TITLE STATEMENT
Title Fire Safety Managment in High Rise Commercial Buildings of Islamabad, Pakistan/
Statement of responsibility, etc. Shujaat Ali Khan Tipu
260 ## - PUBLICATION, DISTRIBUTION, ETC.
Place of publication, distribution, etc. Risalpur Cantt
Name of publisher, distributor, etc. MCE
Date of publication, distribution, etc. c2014
300 ## - PHYSICAL DESCRIPTION
Extent P 196
650 ## - SUBJECT ADDED ENTRY--TOPICAL TERM
Topical term or geographic name entry element Thesis
9 (RLIN) 34811
700 ## - ADDED ENTRY--PERSONAL NAME
Personal name Dr. Arshad Ali, Asst Prof
700 ## - ADDED ENTRY--PERSONAL NAME
Personal name MS-Construction Engineering and Management
9 (RLIN) 126637
856 ## - ELECTRONIC LOCATION AND ACCESS
Uniform Resource Identifier <a href="http://10.250.8.41:8080/xmlui/handle/123456789/11797">http://10.250.8.41:8080/xmlui/handle/123456789/11797</a>
942 ## - ADDED ENTRY ELEMENTS (KOHA)
Koha item type Soft Copy
Source of classification or shelving scheme
Holdings
Withdrawn status Lost status Source of classification or shelving scheme Damaged status Not for loan Permanent Location Current Location Shelving location Date acquired Full call number Barcode Date last seen Price effective from Koha item type
          Central Library (CL) Central Library (CL) Thesis 10/28/2020 200 CL-T-6417 10/28/2020 10/28/2020 Soft Copy
© 2023 Central Library, National University of Sciences and Technology. All Rights Reserved.